|
|
|
|
| LEADER |
01147nam a22002897a 4500 |
| 001 |
34479 |
| 003 |
BD-DhAAL |
| 005 |
20190331123120.0 |
| 008 |
190331t2018 enka|||| b||| 001 0 eng d |
| 999 |
|
|
|c 40614
|d 40614
|
| 020 |
|
|
|a 9781138563391
|
| 040 |
|
|
|a BD-DhAAL
|
| 082 |
|
|
|a 418.02
|
| 245 |
|
|
|a Intercultural competence for translators /
|b Edited by Daniel Tomozeiu, Kaisa Koskinen and Adele D' Arcangelo
|
| 260 |
|
|
|a Abigndon, Oxon ;
|a New York, NY :
|b Routledge, Taylor & Francis Group,
|c c2018
|
| 300 |
|
|
|a ix, 116 pages :
|b illustrations ;
|c 25 cm.
|
| 504 |
|
|
|a Includes bibliographical references and index.
|
| 526 |
|
|
|a ENH
|
| 541 |
|
|
|a Parama Publishers
|e 34479
|
| 650 |
|
|
|a Translating and interpreting.
|9 30872
|
| 650 |
|
|
|a Intercultural communication
|9 30873
|
| 700 |
|
|
|a Tomozeiu, Daniel
|9 30874
|
| 700 |
|
|
|a Koskinen, Kaisa
|9 30875
|
| 700 |
|
|
|a D' Arcangelo, Adele
|9 30876
|
| 852 |
|
|
|a Ayesha Abed Library
|c General Stacks
|
| 942 |
|
|
|2 ddc
|c BK
|
| 952 |
|
|
|0 0
|1 0
|2 ddc
|4 0
|6 418_020000000000000_INT
|7 0
|9 65237
|a BRACUL
|b BRACUL
|c GEN
|d 2019-02-26
|e Parama Publishers
|g 8165.00
|l 0
|o 418.02 INT
|p 3010034479
|r 2019-02-26
|t 1
|v 8165.00
|w 2019-02-26
|y BK
|